<?xml version="1.0" encoding="UTF-8"?>
<collection xmlns="http://www.loc.gov/MARC21/slim">
 <record>
  <leader>02994nam a2200289 a 4500</leader>
  <controlfield tag="001">1/45415</controlfield>
  <controlfield tag="008">140827s2005    us            001 0 eng  </controlfield>
  <datafield tag="020" ind1=" " ind2=" ">
   <subfield code="a">9781558607682</subfield>
  </datafield>
  <datafield tag="020" ind1=" " ind2=" ">
   <subfield code="a">1558607684</subfield>
  </datafield>
  <datafield tag="035" ind1=" " ind2=" ">
   <subfield code="l">48375</subfield>
  </datafield>
  <datafield tag="040" ind1=" " ind2=" ">
   <subfield code="a">OPELS</subfield>
   <subfield code="b">eng</subfield>
   <subfield code="c">OPELS</subfield>
   <subfield code="d">OKU</subfield>
   <subfield code="d">OCLCQ</subfield>
   <subfield code="d">OCLCF</subfield>
   <subfield code="d">GR-PeUP</subfield>
  </datafield>
  <datafield tag="100" ind1="1" ind2=" ">
   <subfield code="a">Harris, Randy Allen.</subfield>
  </datafield>
  <datafield tag="245" ind1="1" ind2="0">
   <subfield code="a">Voice interaction design</subfield>
   <subfield code="h">[electronic resource] :</subfield>
   <subfield code="b">crafting the new conversational speech systems /</subfield>
   <subfield code="c">Randy Allen Harris.</subfield>
  </datafield>
  <datafield tag="260" ind1=" " ind2=" ">
   <subfield code="a">San Francisco, CA :</subfield>
   <subfield code="b">Morgan Kaufmann Publishers,</subfield>
   <subfield code="c">c2005.</subfield>
  </datafield>
  <datafield tag="300" ind1=" " ind2=" ">
   <subfield code="a">1 online resource (xx, 598 p.) :</subfield>
   <subfield code="b">ill.</subfield>
  </datafield>
  <datafield tag="490" ind1="1" ind2=" ">
   <subfield code="a">Morgan Kaufmann series in interactive technologies</subfield>
  </datafield>
  <datafield tag="504" ind1=" " ind2=" ">
   <subfield code="a">Includes bibliographical references (p. 551-571) and index.</subfield>
  </datafield>
  <datafield tag="505" ind1="0" ind2=" ">
   <subfield code="a">Speech -- Sound and meaning -- Doing things with words -- Conversation -- Glue -- Diction -- Crafting voice interfaces -- The team and the process -- Users, tasks -- Building the discourse model -- Agents -- Dialogue matters -- Scripting -- Iterative evaluation -- Pursuing habitability.</subfield>
  </datafield>
  <datafield tag="520" ind1=" " ind2=" ">
   <subfield code="a">From the voice on the phone, to the voice on the computer, to the voice from the toaster, speech user interfaces are coming into the mainstream and are here to stay forever. Soundly anchored in HCI, cognitive psychology, linguistics, and social psychology, this supremely practical book is loaded with examples, how-to advice, and design templates. Drawing widely on decades of researchin lexicography, conversation analysis, computational linguistics, and social psychologyauthor Randy Allen Harris outlines the principles of how people use language interactively, and illustrates every aspect of design work. In the first part of the book, Harris provides a thorough conceptual basis of language in all its relevant aspects, from speech sounds to conversational principles. The second part takes you patiently through the entire process of designing an interactive speech system: from team building to user profiles, to agent design, scripting, and evaluation. This book provides interaction designers with the knowledge and strategies to craft language-based applications the way users will expect them to behave. *Loaded with examples and practical synopses of the best practice. *An ideal combination of conceptual base, practical illustrations, and &quot;how-to&quot; advicefor design and for the entire design process. *Will bring novice voice designers fully up to speed, and give experienced designers a new understanding of the principles underlying human speech interaction, principles from which to improve voice interaction design.</subfield>
  </datafield>
  <datafield tag="650" ind1=" " ind2="4">
   <subfield code="a">Speech processing systems.</subfield>
  </datafield>
  <datafield tag="650" ind1="1" ind2="4">
   <subfield code="a">Interfaces.</subfield>
  </datafield>
  <datafield tag="655" ind1=" " ind2="4">
   <subfield code="a">Electronic books.</subfield>
  </datafield>
  <datafield tag="830" ind1=" " ind2="0">
   <subfield code="a">Morgan Kaufmann series in interactive technologies.</subfield>
  </datafield>
  <datafield tag="852" ind1=" " ind2=" ">
   <subfield code="a">INST</subfield>
   <subfield code="b">UNIPILB</subfield>
   <subfield code="c">EBOOKS</subfield>
   <subfield code="e">20100705</subfield>
   <subfield code="p">00b48375</subfield>
   <subfield code="q">00b48375</subfield>
   <subfield code="t">ONLINE</subfield>
   <subfield code="y">0</subfield>
  </datafield>
  <datafield tag="856" ind1="4" ind2="0">
   <subfield code="3">ScienceDirect</subfield>
   <subfield code="u">http://www.sciencedirect.com/science/book/9781558607682</subfield>
  </datafield>
  <datafield tag="856" ind1="4" ind2=" ">
   <subfield code="d">/webopac/covers/03/48375_9781558607682.jpg</subfield>
  </datafield>
  <datafield tag="856" ind1="4" ind2=" ">
   <subfield code="d">/webopac/covers/03/48375_1558607684.jpg</subfield>
  </datafield>
 </record>
</collection>
